L'informatica giuridica oggi Atti del convegno ANDIG /

Bibliographic Details
Corporate Authors: Convegno ANDIG Roma, Associazione Nazionale Docenti di Informatica Giuridica, L'Istituto di Teoria e Tecniche dell'Informazione Giuridica
Other Authors: Palazzolo, Nicola
Format: Conference Proceeding
Language:English
Published: Firenze : ITTIG, 2007
Online Access:Acceso restringido

MARC

LEADER 00000ny a22000003n 4500
005 20110621134133.0
008 080811t2007 it s 100 0 eng c
020 |a 8849503660 
035 |a 2234 
040 |a UMA.RE  |d vLex 
080 |a 34(063)(0.034):004 
090 |c 954  |d 954 
111 2 |a Convegno ANDIG  |n (1.  |d 2005.  |c Roma) 
245 1 2 |a L'informatica giuridica oggi  |h [Recurso electrn̤ico]  |b Atti del convegno ANDIG /  |c organizzato dall'Associazione Nazionale Docenti di Informatica Giuridica ; [a cura di] Nicola Palazzolo 
256 |a Servicio en ln̕ea 
260 |a Firenze :  |b ITTIG,  |c 2007 
506 1 |a Contenido solo disponible en los productos indicados  |d vLex Global  |d vLex Global (Academic Edition, excluding Law Schools)  |d vLex Global (U.S. Academic Edition, Law Schools)  |d vLex Global (U.S. Academic Edition, excluding Law Schools)  |d vLex Global (Academic Edition, Law Schools) 
700 1 |a Palazzolo, Nicola 
710 2 |a Associazione Nazionale Docenti di Informatica Giuridica 
710 2 |a L'Istituto di Teoria e Tecniche dell'Informazione Giuridica 
740 0 |a vLex Libros (Servicios en ln̕ea) 
856 4 0 |z Acceso restringido  |u http://vlex.com/source/2234 
942 |c BOOK 
999 0 4 |a Derecho  |v En ln̕ea 
999 0 4 |a Sistemas de Informacin̤  |v En ln̕ea